Taylor Swift mystery lyrics #28 - Statistics

General Stats
  • This quiz has been taken 78 times
    70 since last reset
  • The average score is 136 of 201
Answer Stats
Answer % Correct
a
100%
I
100%
You
98%
you
98%
the
96%
It
94%
it
94%
your
94%
me
92%
be
91%
in
91%
love
91%
you're
91%
and
89%
is
89%
it's
89%
It's
89%
my
89%
when
89%
by
87%
like
87%
to
87%
so
85%
that
85%
were
83%
there
81%
Can
79%
can
79%
this
79%
was
77%
say
75%
All
74%
saw
74%
at
70%
can't
70%
Time
70%
time
70%
been
68%
have
68%
hand
62%
Oh
62%
oh
62%
up
62%
down
60%
now
58%
took
57%
way
57%
feel
55%
Did
53%
Fell
53%
got
51%
told
51%
Every
49%
standing
49%
air
47%
fairytale
47%
looked
47%
must
47%
Today
47%
You've
47%
around
45%
kissed
45%
make
45%
yeah
45%
face
43%
heart
43%
magic
43%
dark
40%
made
40%
prince
40%
put
40%
right
40%
used
40%
damsel
38%
distress
38%
everything
38%
Nothing
38%
slows
38%
whenever
38%
pretty
36%
mess
34%
beating
32%
chest
32%
dress
32%
t-shirt
32%
wore
32%
gray
30%
much
30%
picked
30%
smile
30%
getting
26%
move
26%
six
26%
'til
21%
clearer
19%
another
17%
sense
17%
takes
17%
planet
15%
No matching quizzes found
Score Distribution
Percent of People with Each Score
Percentile by Number Answered
Your Score History
You have not taken this quiz since the last reset